Vida y obra de Medrano /
Saved in:
| Main Author: | |
|---|---|
| Format: | Book |
| Language: | Español |
| Subjects: | |
| Tags: |
No Tags, Be the first to tag this record!
|
MARC
| LEADER | 00000nam^a2200000^a^4500 | ||
|---|---|---|---|
| 001 | 000156914 | ||
| 005 | 20250521000000.0 | ||
| 009 | 20260310100521.669 | ||
| 037 | |a Acervo ITESO - Biblioteca | ||
| 041 | |a ESP | ||
| 082 | |a 868. |b VID V. 1 | ||
| 100 | |a Alonso, Dámaso |e (autor) | ||
| 240 | 1 | 1 | |a [Vida y obra de Medrano] |
| 245 | 1 | 0 | |a Vida y obra de Medrano / |c D. Alonso. |
| 264 | |a Madrid, España : |b Consejo Superior de Investigaciones Científicas, Instituto Antonio de Nebrija, |c 1948 | ||
| 300 | |a 331 p., 13 láminas | ||
| 336 | |a texto |b txt |2 rdacontenido | ||
| 337 | |a sin mediación |b n |2 rdamedio | ||
| 338 | |a volumen |b nc |2 rdasoporte | ||
| 545 | 0 | |a Nacido en Sevilla hacia el año 1569, el poeta andaluz Francisco de Medrano ingresó a la Compañía de Jesús en 1584 y abanadonó la vida religiosa 18 años después, para retirarse a una propiedad campestre donde se dedicó al estudio y la meditación. La poesía del sevillano muestra una fuerte influencia de Horacio y De Medrano es considerado uno de los mejores exponentes de poeta latino en lengua castellano, junto con fray Luis de León. El escritor andaluz falleció hacia el año 1607 y su poesía fue publicada de modo póstumo y parcialmente en Remedios de amor (1617). Tres y medio siglos más tarde, el madrileño Dámaso Alonso editaría la Vida y obra de Medrano, en dos tomos: Alonso dedica la primera entrega a la biografía y el estudio de la obra del sevillano, en tanto el segundo ofrece la edición crítica de las poesías de Francisco de Medrano. Alonso y Stpehen Reckert, coeditores del segundo tomo, depuran y fija el texto definitivo; comparan entre los impresos y manuscritos de Medrano para fundamentar las razones de preferencia y atienden a los valores expresivos de la especial ortografía y puntuación del poeta. Cada una de las poesías es acompañada de notas que precisan las fuentes y variantes textuales y de un análisis literario completo de la misma. | |
| 545 | 0 | |a Dámaso Alonso (1898-1989) forma parte de la brillante Generación del 27 que revaloró el barroco y renovó sustancialmente la poesía española. Sus obras poéticas incluyen: Poemas puros: poemillas de la ciudad (1921); Oscura noticia (1944); Hijos de la ira (1944); Hombre y Dios (1955); Gozos de la vista (1981), entre otros. En ensayo destaca La lengua poética de Góngora (1935); Estudios y ensayos gongorinos (1955); Seis calas en la expresión literaria española (1951). Obtuvo el Premio Cervantes en 1978. | |
| 649 | |a XX | ||
| 650 | |a Escritores Españoles - |x Biografías | ||
| 650 | |a Jesuitas - |x Biografías | ||
| 650 | |a Poesía Española - |x Historia y Crítica | ||
| 650 | |a Ensayos Españoles | ||
| 650 | |a Literatura Española - |x Historia y Crítica | ||
| 650 | |a Literatura Española - |y Siglo XVII | ||
| 650 | |a Literatura Española - |y Epoca Clásica, 1500-1700 | ||
| 650 | |a Literatura Española - |y Siglo XX | ||
| 650 | |a Jesuitas en España - |x Historia | ||
| 650 | |a Monasticismo y Ordenes Religiosas - |z España - |x Historia | ||
| 650 | |a Iglesia Católica en España - |x Historia | ||
| 650 | |a España - |x Historia - |y Felipe II, 1556-1598 | ||
| 650 | |a España - |x Historia - |y Felipe III, 1598-1621 | ||
| 650 | |a España - |x Historia - |y Siglo XVI | ||
| 650 | |a España - |x Historia - |y Siglo XVII | ||
| 650 | |a España - |x Historia - |y Casa de Austria, 1516-1700 | ||
| 650 | |a Medrano, Francisco de | ||
| 910 | |a Fondo Salvador Reynoso Reynoso | ||
| 920 | |a Impresos - Libros | ||
| 930 | |a Fondos Especiales | ||
| 940 | |a Literatura | ||
| 905 | |a 112 | ||
| 901 | |a 0800007479 |b IT2 |c ESP |u 20250521 | ||
| 902 | |a https://opac.biblio.iteso.mx/vufind/Record/000156914 | ||